| 000 | 00845nam a2200265 i 4500 | ||
|---|---|---|---|
| 003 | DO-SdBNP | ||
| 005 | 20251128104752.0 | ||
| 007 | ta | ||
| 008 | 251128b1976 dr ||||| |||| 00| 0 spa d | ||
| 020 | _a8471542390 | ||
| 040 |
_aDO-SdBNP _bspa _cBNPHU _erda |
||
| 041 | _aspa | ||
| 082 | 4 |
_axxx _bxxx _222 |
|
| 100 |
_aDíaz, Nidia A., _eautor _4aut. _988840 |
||
| 245 | 1 | 3 |
_aLa protesta social en la obra de Rosalía de Castro / _cNidia A. Díaz |
| 264 | 1 |
_aSanto Domingo : _bEditorial Galaxia ; _bFundación Penzol, _c1976. |
|
| 300 |
_a88 páginas ; _c24 cm. |
||
| 336 |
_atexto _btxt _2rdacontent |
||
| 337 |
_asin mediación _bn _2rdamedia |
||
| 338 |
_avolumen _bnc _2rdacarrier |
||
| 500 | _aIncluye referencias bibliográficas y notas al pie de las páginas | ||
| 590 | _aInventariado, 2025/BT | ||
| 910 | _aBtavárez | ||
| 942 |
_2ddc _cLBS1 |
||
| 999 |
_c60092 _d60092 |
||